000 00720nam a2200157 a 4500
008 110824s2010 ||||||||||||||||| || u
050 _aHC 915 Zam
100 _aRiaz, Harun
245 1 0 _aZambia at 46: annual business magazine
_cedited by Nondo, Bwalya Lyapa
250 _a9th ed.
260 _aNew Delhi
_bZambian High Commission
_c2010
350 _a0.00
650 _aZAMBIA--ECONOMIC CONDITIONS
995 _aSPECIAL COLLECTIONS
_D0.00
_e03008189
_FCBU-MAIN LIBRARY (Kitwe)
_H1
_I0.00
_jZAM HC 915 ZAM
_M4
_UAVAILABLE
_WAug 24, 2011
_y03008189
_ZZambiana Collection
995 _aSPECIAL COLLECTIONS
_D0.00
_e03008187
_FCBU-MAIN LIBRARY (Kitwe)
_H1
_I0.00
_jZAM HC 915 ZAM
_M2
_UAVAILABLE
_WAug 24, 2011
_y03008187
_ZZambiana Collection
999 _c83376
_d83376